000
00212 a2200097 4500
001
23259
100
_a
Timoshenko, S.P
245
_a
Theory of structures
260
_a
_b
McGraw-Hill
_c
1965
090
_c
15767
_d
15767
942
_a
NUST-CAE
_c
M
_c
6410
999
_c
258332
_d
258332